| 000 | 01434cam a22002414a 4500 | ||
|---|---|---|---|
| 005 | 20250605164241.0 | ||
| 008 | 250528s ||||||||||||||||||||||||d | ||
| 035 | _a21340 | ||
| 020 | _a9789602187494 | ||
| 040 |
_aGR-AtMCL _bgre _dGR-AtMCL _eAACR2 |
||
| 245 | 1 | _aΒασικές Αρχές Στρατηγικής των Επιχειρήσεων | |
| 250 | _a1η | ||
| 260 |
_bΚριτική, _c2011 |
||
| 300 | _a464 | ||
| 520 | _aΤρεις Θεματικοί άξονες: τρατηγική τοποθέτηση, στρατηγικές επιλογές και εφαρμογή της στρατηγικής στην πράξη. Πρόλογος, Εισαγωγή στη Στρατηγική, Το Περιβάλλον, Στρατηγική Ικανότητα, Στρατηγικός Σκοπός, Κουλτούρα και Στρατηγική, Στρατηγική σε Επιχειρηματικό Επίπεδο, Στρατηγικές Κατευθύνσεις και Στρατηγική σε Επίπεδο Ομίλου, Διεθνής Στρατηγική, Μέθοδοι Στρατηγικής και Αξιολόγηση, Στρατηγική στην Πράξη, Γλωσσάρι. | ||
| 700 | 1 |
_aJohnson Gerry _91786 |
|
| 700 | 1 |
_aScholes Kevan _91787 |
|
| 700 | 1 |
_aWhittington Richard _91788 |
|
| 700 | 1 |
_aΚωνσταντόπουλος Νίκος _97398 |
|
| 942 | _cBK | ||
| 999 |
_c6405 _d6405 |
||